[Event "HUN-chT2 Erkel 0304"]
[Site "Hungary"]
[Date "2004.02.08"]
[Round "7"]
[White "Zsigo, Andras"]
[Black "Mizsei, Janos"]
[Result "0-1"]
[WhiteElo "2099"]
[BlackElo "2168"]
[PlyCount "132"]
[EventDate "2003.09.28"]
[EventType "team"]
[EventRounds "11"]
[EventCountry "HUN"]
[SourceTitle "EXT 2009"]
[Source "ChessBase"]
[SourceDate "2008.11.26"]
[SourceVersion "1"]
[SourceVersionDate "2008.11.26"]
[SourceQuality "1"]
[WhiteTeam "Penzugyor II"]
[BlackTeam "Szekuritas"]
[WhiteTeamCountry "HUN"]
[BlackTeamCountry "HUN"]

1. d4 Nf6 2. c4 g6 3. Nf3 Bg7 4. g3 0-0 5. Bg2 c6 6. Nc3 d5 7. cxd5 cxd5 8. Ne5 Nc6 9. 0-0 e6 10. Nxc6 bxc6 11. b3 e5 12. dxe5 Ng4 13. Bb2 Bxe5 14. h3 Nh6 15. Qd2 Nf5 16. Rfd1 Be6 17. e4 dxe4 18. Bxe4 Qf6 19. Na4 Rad8 20. Bxe5 Qxe5 21. Qe1 Nd4 22. f4 Qh5 23. Qe3 Nf5 24. Qf3 Qxh3 25. g4 Qxf3 26. Bxf3 Ne3 27. Rxd8 Rxd8 28. Re1 Nd5 29. Nc5 Nxf4 30. Nxe6 Nxe6 31. Bxc6 Rd2 32. a3 Rd3 33. Re4 Rxb3 34. Ra4 Rc3 35. Ra6 Nd4 36. Bb7 Rc7 37. Rxa7 Kg7 38. Ra4 Rxb7 39. Rxd4 Rb1+ 40. Kf2 Rb2+ 41. Ke3 Kf6 42. Kf4 Rb3 43. Rd6+ Ke7 44. Ra6 h6 45. a4 Rb4+ 46. Kf3 Rb3+ 47. Ke4 g5 48. Rxh6 f6 49. Rh7+ Ke6 50. Ra7 Rb4+ 51. Kf3 Rf4+ 52. Kg3 Kd6 53. a5 Kc6 54. a6 Kb6 55. Ra8 Rc4 56. a7 Rc3+ 57. Kg2 Rc6 58. Kf3 Kb7 59. Rf8 Kxa7 60. Ke4 Rc4+ 61. Kf5 Rf4+ 62. Kg6 Rxg4 63. Rxf6 Rg1 64. Kh5 g4 65. Rg6 g3 66. Kh4 Rh1+ 0-1

[Event "Zalakaros op 22nd"]
[Site "Zalakaros"]
[Date "2003.05.16"]
[Round "1"]
[White "Zakharchenko, Arnold"]
[Black "Zsigo, Andras"]
[Result "1-0"]
[WhiteElo "2316"]
[BlackElo "2036"]
[PlyCount "47"]
[EventDate "2003.05.16"]
[EventType "swiss"]
[EventRounds "9"]
[EventCountry "HUN"]
[SourceTitle "EXT 2005"]
[Source "ChessBase"]
[SourceDate "2004.11.15"]
[SourceVersion "1"]
[SourceVersionDate "2004.11.15"]
[SourceQuality "1"]

1. d4 Nf6 2. c4 c5 3. Nf3 d6 4. Nc3 g6 5. dxc5 dxc5 6. Qxd8+ Kxd8 7. Bg5 Bg7 8. 0-0-0+ Ke8 9. g3 Be6 10. Bg2 Nc6 11. Nd2 Rc8 12. h3 Nd7 13. Nd5 h6 14. Bf4 Nde5 15. g4 f5 16. gxf5 gxf5 17. Be3 b6 18. f4 Nf7 19. Bf2 Nd6 20. Bh4 Kf7 21. Bf3 Rhd8 22. e3 Bxd5 23. Bxd5+ e6 24. Bxc6 1-0

[Event "HUN-ch U20"]
[Site "Budapest"]
[Date "2003.04.21"]
[Round "8"]
[White "Zsigo, Andras"]
[Black "Sebestyen, Balazs"]
[Result "0-1"]
[WhiteElo "2036"]
[BlackElo "2297"]
[PlyCount "66"]
[EventDate "2003.04.14"]
[EventType "swiss"]
[EventRounds "9"]
[EventCountry "HUN"]
[SourceTitle "EXT 2004"]
[Source "ChessBase"]
[SourceDate "2003.11.25"]
[SourceVersion "1"]
[SourceVersionDate "2003.11.25"]
[SourceQuality "1"]

1. d4 Nf6 2. c4 Nc6 3. Nf3 e6 4. g3 Bb4+ 5. Bd2 Qe7 6. Bg2 Bxd2+ 7. Qxd2 Ne4 8. Qc2 Qb4+ 9. Nc3 Nxc3 10. Qxc3 Qxc3+ 11. bxc3 Rb8 12. Rb1 b6 13. 0-0 Ke7 14. Nd2 Na5 15. Rb4 Bb7 16. Rfb1 Bxg2 17. Kxg2 Rhc8 18. e4 c5 19. Ra4 Ra8 20. Kf3 Rc7 21. Ke3 cxd4+ 22. cxd4 d6 23. f4 Rac8 24. Kd3 f6 25. Rb5 Kf7 26. e5 dxe5 27. fxe5 Rd7 28. Ne4 fxe5 29. Rxe5 Nc6 30. Ng5+ Kf6 31. Nxh7+ Kg6 32. Nf8+ Rxf8 33. Rxe6+ Rf6 0-1

[Event "HUN-ch U20"]
[Site "Budapest"]
[Date "2003.04.20"]
[Round "7"]
[White "Zsigo, Andras"]
[Black "Budai, David"]
[Result "1/2-1/2"]
[WhiteElo "2038"]
[BlackElo "2117"]
[PlyCount "41"]
[EventDate "2003.04.14"]
[EventType "swiss"]
[EventRounds "9"]
[EventCountry "HUN"]
[SourceTitle "EXT 2004"]
[Source "ChessBase"]
[SourceDate "2003.11.25"]
[SourceVersion "1"]
[SourceVersionDate "2003.11.25"]
[SourceQuality "1"]

1. d4 d5 2. c4 e6 3. Nc3 Nf6 4. Nf3 dxc4 5. e3 c5 6. Bxc4 a6 7. Qe2 b5 8. Bd3 Bb7 9. dxc5 Nbd7 10. 0-0 Nxc5 11. Bc2 Be7 12. a3 Nce4 13. Nxe4 Nxe4 14. Nd2 Nxd2 15. Bxd2 0-0 16. e4 Rc8 17. Bc3 Qb6 18. Rfd1 Rfd8 19. Qg4 Bf8 20. Rac1 Rxd1+ 21. Rxd1 1/2-1/2

[Event "HUN-chT2 Breyer 0203"]
[Site "Hungary"]
[Date "2003.03.23"]
[Round "9"]
[White "Zsigo, Andras"]
[Black "Suranyi, Pal"]
[Result "1-0"]
[WhiteElo "2045"]
[BlackElo "1807"]
[PlyCount "151"]
[EventDate "2002.09.22"]
[EventType "team"]
[EventRounds "11"]
[EventCountry "HUN"]
[SourceTitle "EXT 2009"]
[Source "ChessBase"]
[SourceDate "2008.11.26"]
[SourceVersion "1"]
[SourceVersionDate "2008.11.26"]
[SourceQuality "1"]

1. d4 Nf6 2. c4 g6 3. Nf3 Bg7 4. Nc3 0-0 5. g3 d6 6. Bg2 Nbd7 7. d5 a5 8. 0-0 Nc5 9. Nd4 e5 10. Nb3 Nxb3 11. axb3 Bd7 12. e4 Ne8 13. Qe2 f5 14. exf5 Bxf5 15. Ne4 h6 16. g4 Bd7 17. g5 hxg5 18. Bxg5 Nf6 19. Qd2 b6 20. Rae1 Nxe4 21. Bxe4 Qe8 22. Re3 Bf5 23. Qc2 Qf7 24. Rg3 Bxe4 25. Qxe4 Qf5 26. Qg2 e4 27. Be3 Bxb2 28. Rxg6+ Kf7 29. Rg5 Qh7 30. f3 Bf6 31. fxe4 Ke7 32. Rg4 Rg8 33. h3 Rxg4 34. hxg4 Rh8 35. Rf5 Be5 36. Rh5 Qg7 37. Bg5+ Kd7 38. Qh1 Bd4+ 39. Kg2 Rxh5 40. Qxh5 Qe5 41. Qf7+ Kc8 42. Qe6+ Qxe6 43. dxe6 c6 44. Kf3 b5 45. cxb5 cxb5 46. Ke2 a4 47. bxa4 bxa4 48. Bc1 Kd8 49. Kd3 Bf6 50. Kc4 Ke7 51. Kd5 Be5 52. Ba3 Bf4 53. Bb4 Ke8 54. Ba3 Ke7 55. e5 Bxe5 56. g5 Ke8 57. Bxd6 Bb2 58. Kc4 a3 59. Kb3 Kd8 60. g6 Ke8 61. Bxa3 Bf6 62. Kc4 Bg7 63. Kd5 Bf6 64. Ke4 Bc3 65. Kf4 Bg7 66. Kg5 Kd8 67. Bb4 Ke8 68. Bd6 Kd8 69. Kf5 Ke8 70. Be5 Bf8 71. g7 Bxg7 72. Bxg7 Ke7 73. Bd4 Ke8 74. Kf6 Kf8 75. e7+ Ke8 76. Bc3 1-0

[Event "HUN-chT2 Breyer 0203"]
[Site "Hungary"]
[Date "2003.02.16"]
[Round "7"]
[White "Zsigo, Andras"]
[Black "Adorjan, Botond"]
[Result "1-0"]
[WhiteElo "2045"]
[BlackElo "1614"]
[PlyCount "119"]
[EventDate "2002.09.22"]
[EventType "team"]
[EventRounds "11"]
[EventCountry "HUN"]
[SourceTitle "EXT 2009"]
[Source "ChessBase"]
[SourceDate "2008.11.26"]
[SourceVersion "1"]
[SourceVersionDate "2008.11.26"]
[SourceQuality "1"]

1. d4 Nf6 2. c4 g6 3. Nf3 Bg7 4. Nc3 0-0 5. g3 d6 6. Bg2 Bg4 7. 0-0 Nbd7 8. h3 Bxf3 9. Bxf3 c5 10. Bxb7 Rb8 11. Bg2 cxd4 12. Qxd4 Nb6 13. Qd3 Nfd7 14. b3 Nc5 15. Qc2 Nbd7 16. Bb2 Nb6 17. Rab1 Qd7 18. Kh2 a6 19. Rfd1 a5 20. Nb5 f6 21. a4 Rfc8 22. Bc3 Qf5 23. Qxf5 gxf5 24. Bxa5 Nbd7 25. f4 Kf8 26. h4 Ne4 27. Be1 Ndc5 28. e3 Rc6 29. Bf1 Kf7 30. a5 Nb7 31. b4 e5 32. Nc3 Nxc3 33. Bxc3 Bf8 34. b5 Rcc8 35. Rd5 Nc5 36. Ra1 Ne4 37. Be1 Ra8 38. b6 Rcb8 39. Rb5 Be7 40. Bd3 Bd8 41. Bxe4 fxe4 42. Bc3 Ke6 43. Rd1 Be7 44. Bb4 Rb7 45. Rdd5 Ra6 46. Rd2 Ra8 47. c5 dxc5 48. Bxc5 exf4 49. gxf4 Bd8 50. Rd6+ Kf7 51. Rxd8 Rxd8 52. a6 Rd2+ 53. Kg3 Rb8 54. f5 Rg8+ 55. Kf4 h5 56. Kxe4 Rg4+ 57. Kf3 Rdg2 58. b7 R4g3+ 59. Ke4 Rg4+ 60. Kd3 1-0

[Event "HUN-chT2 Breyer 0203"]
[Site "Hungary"]
[Date "2003.02.02"]
[Round "6"]
[White "Bacsi, Andras"]
[Black "Zsigo, Andras"]
[Result "0-1"]
[WhiteElo "2065"]
[BlackElo "2045"]
[PlyCount "150"]
[EventDate "2002.09.22"]
[EventType "team"]
[EventRounds "11"]
[EventCountry "HUN"]
[SourceTitle "EXT 2009"]
[Source "ChessBase"]
[SourceDate "2008.11.26"]
[SourceVersion "1"]
[SourceVersionDate "2008.11.26"]
[SourceQuality "1"]

1. e4 e6 2. d4 d5 3. exd5 exd5 4. Bd3 Bd6 5. Nf3 Ne7 6. 0-0 Bf5 7. Bg5 f6 8. Bh4 0-0 9. Re1 Qd7 10. Bg3 Bxd3 11. Qxd3 c6 12. Nbd2 Na6 13. c3 Nc7 14. Bxd6 Qxd6 15. Re2 Rfe8 16. Rae1 Qd7 17. g3 Nf5 18. Rxe8+ Rxe8 19. Rxe8+ Nxe8 20. Qe2 Nfd6 21. Kg2 Nc7 22. h4 Qe6 23. Qxe6+ Nxe6 24. Ne1 Kf7 25. Nd3 Kg6 26. Kf3 Kf7 27. Nf4 g6 28. Nxe6 Kxe6 29. g4 b6 30. Ke3 c5 31. f3 a6 32. a4 c4 33. Kf4 b5 34. axb5 axb5 35. b4 h6 36. Nb1 f5 37. Na3 fxg4 38. Kxg4 Kf6 39. h5 gxh5+ 40. Kxh5 Kf5 41. Kxh6 Kf4 42. Kg6 Kxf3 43. Nb1 Ke2 44. Kf6 Kd3 45. Ke6 Ne4 46. Kxd5 Nxc3+ 47. Nxc3 Kxc3 48. Ke5 Kxb4 49. d5 c3 50. d6 c2 51. d7 c1Q 52. d8Q Qc3+ 53. Ke4 Ka3 54. Qa8+ Kb3 55. Kf5 b4 56. Qd5+ Kb2 57. Kg5 b3 58. Qg2+ Qc2 59. Qd5 Kb1 60. Kf6 Qc3+ 61. Kf7 b2 62. Qh1+ Ka2 63. Qa8+ Qa3 64. Qg2 Ka1 65. Qe4 b1Q 66. Qd4+ Qbb2 67. Qd1+ Ka2 68. Qh5 Qa7+ 69. Ke6 Qbb6+ 70. Kf5 Qaa5+ 71. Kg4 Qbb4+ 72. Kf3 Qxh5+ 73. Kf2 Qd2+ 74. Kg3 Qhg5+ 75. Kf3 Qgf4# 0-1